Dynamic trading indicators : Winning with value charts and price action profile

The authors have introduced a new idea in charting–the Value Chart. Their expertise in technical analysis and in designing and testing trading systems around this new charting concept makes this book a must- read for all stock and futures traders."

Sparad:
Bibliografiska uppgifter
Huvudupphovsman: Helweg, Mark W.
Materialtyp: Bok
Språk:Undetermined
Publicerad: New York J. Wiley 2002
Ämnen:
Taggar: Lägg till en tagg
Inga taggar, Lägg till första taggen!
Thư viện lưu trữ: Trung tâm Học liệu Trường Đại học Cần Thơ
LEADER 00857nam a2200217Ia 4500
001 CTU_157212
008 210402s9999 xx 000 0 und d
020 |c 44.07 
082 |a 332.632042 
082 |b H486 
100 |a Helweg, Mark W. 
245 0 |a Dynamic trading indicators : 
245 0 |b Winning with value charts and price action profile 
245 0 |c Mark W. Helweg, David C. Stendahl. 
260 |a New York 
260 |b J. Wiley 
260 |c 2002 
520 |a The authors have introduced a new idea in charting–the Value Chart. Their expertise in technical analysis and in designing and testing trading systems around this new charting concept makes this book a must- read for all stock and futures traders." 
650 |a Stocks,Investment analysis 
904 |i Tuyến 
980 |a Trung tâm Học liệu Trường Đại học Cần Thơ